205 - Né(es) un 24 juillet. - Statistiques

Statistiques générales
  • Ce quiz a été pris 15 fois
  • Le résultat moyen est 5 sur 15
Statistiques - réponses
Hint Année de naissance Réponse % Correct
Dramaturge français connu pour avoir écrit "Les Trois Mousquetaires" (1844), "Le Comte de Monte-Cristo" (1844-46), "La Reine Margot" (1845) et "Vingt ans après" (1845). 1802 Alexandre Dumas
83%
Chanteur français connu pour ses titres "Prendre un enfant", "J'ai la guitare qui me démange". 1949 Yves Duteil
58%
Navigateur peu loquace mort en mer qui restera toute sa vie fasciné par le voilier nommé "Pen Duick". 1931 Éric Tabarly
50%
Joueur de basketball américain, ailier fort, surnommé "The Mailman". Il a longtemps officié aux côtés John Stockton pour les Jazz de l'Utah. 1963 Karl Anthony Malone|Karl Anthony Malone
50%
La vie de ce délinquant, bagnard, indicateur puis policier et enfin détective privé fut portée à l'écran en 2001 dans un film éponyme dont le rôle principal est interprété par Gérard Depardieu. 1775 Eugène-François Vidocq
42%
Joueur de football français, champion d'Allemagne avec le Werder de Brême en 2004, vainqueur de la Coupe d'Italie en 2002 avec le FC Parme et Champion de France en 1999 avec les Girondins de Bordeaux. 1973 Johan Micoud,
42%
Général et homme d'État vénézuélien, surnommé El Libertador. 1783 Simón José Antonio de la Santísima Trinidad Bolívar y Palacios|Simón Bolívar
42%
Représentant majeur du style Art nouveau, tchèque connu pour ses affiches, et "L'Épopée slave", une série de 20 tableaux. 1860 Alfons Mucha|Alphonse Mucha|Alphons Mucha
25%
Réalisateur américain connu pour "Drugstore Cowboy", "My Own Private Idaho", "Prête à tout", "Will Hunting", "Elephant" et "Harvey Milk". 1952 Gus Van Sant
25%
Chanteuse américaine, actrice, connue notamment pour les titres "Let's Get Loud", "If You Had My Love" et "Love Don't Cost a Thing". 1969 J.Lo|Jennifer Lopez
25%
Alpiniste française. Première femme à gravir en hiver et en solitaire les trois grandes faces nord des Alpes. 1960 Catherine Destivelle
17%
Actrice américaine connue pour son interprétation de "Wonder Woman". 1951 Lynda Carter
17%
Réalisateur américain du film "Bullit" avec notamment Steve McQueen. 1929 Peter Yates
17%
Acteur français lauréat du César du meilleur espoir masculin en 1988 pour "Travelling avant" et d'un Emmy Awards en 2005 pour le rôle du tueur en série Francis Heaulme. 1962 Thierry Frémont
17%
Actrice australienne lauréate de la Coupe Volpi de la meilleure interprétation féminine pour sa prestation dans "La Déesse de 1967". Son rôle dans "Troie", la fait connaître d'Hollywood et lui permet d'intégrer la série "Damages". 1979 Rose Byrne
8%
Aucun quiz correspondant
Distribution des résultats
% des personnes avec chaque résultat
Percentile par nombre de réponses
Votre historique - résultats
Vous n’avez pas pris ce quiz